Britney Spears Quiz - Statistics

General Stats
  • This quiz has been taken 474 times
  • The average score is 9 of 15
Answer Stats
Question Answer % Correct
Fill in the song lyrics. "Oops!...I ___ __ _____" Did It Again
96%
Song name which means something poisonous Toxic
91%
Her ex-boyfriend and former member of NSYNC Justin Timberlake
89%
Her first #1 hit ...Baby One More Time
81%
Name any of the three artists she has cited as her main influences in her career Madonna, Janet Jackson, Whitney Houston
74%
Dancer she married in 2004 Kevin Federline
73%
will.i.am song that features her Scream & Shout
64%
Disney show she was in as a child star Mickey Mouse Club
61%
Rapper who featured on her song "Pretty Girls" Iggy Azalea
55%
Name of her 2011 album which shares the name of a seductive fictional character Femme Fatal
53%
She appeared in the third film of this Mike Myers movie franchise Austin Powers
49%
Her first greatest hits album released in 2004 My Prerogative
38%
Her first fragrance released in 2004 Curious
26%
Her first husband who she was married to for 55 hours Jason Allen Alexander
21%
Finish her quote. "I don't like defining myself. I ____ __" Just am
12%
No matching quizzes found
Score Distribution
Percent of People with Each Score
Percentile by Number Answered
Your Score History
You have not taken this quiz